Indonesian society in transition : a study of social change /

Sábháilte in:
Sonraí bibleagrafaíochta
Príomhchruthaitheoir: Wertheim, W. F. (Willem Frederik), 1907-
Údar corparáideach: Institute of Pacific Relations
Formáid: LEABHAR
Teanga:English
Foilsithe / Cruthaithe: The Hague : W. van Hoeve, 1959.
Eagrán:2nd revised ed.
Ábhair:
LEADER 01033nam a2200253 i 4500
001 c000341622
003 CARM
005 00000000000000.0
008 840602s1959 ne b b 00010 eng d
019 1 |a 1267046  |z 23988933  |z 3213462  |z 54015042  |z 57401728  |5 LACONCORD2021 
035 |a (OCoLC)2631710  |5 LACONCORD2021 
043 |a a-io--- 
100 1 |a Wertheim, W. F.  |q (Willem Frederik),  |d 1907- 
245 1 0 |a Indonesian society in transition :  |b a study of social change /  |c W. F. Wertheim. 
250 |a 2nd revised ed. 
260 |a The Hague :  |b W. van Hoeve,  |c 1959. 
300 |a xiv, 394p. :  |b maps. 
500 |a Issued under the auspices of the Institute of Pacific Relations. 
651 0 |a Indonesia  |x Social conditions. 
710 2 |a Institute of Pacific Relations. 
852 8 |b CARM  |h A1:AO05G0  |i B08032  |p 0356741  |f BK 
082 0 4 |a 303.409598  |2 19t 
999 f f |i 3766c4ab-bd84-5d74-b4ff-cf8ca77c46d0  |s 1bd9fdb0-a88d-5d4f-91e1-456167ecdd12 
952 f f |p Can circulate  |a CAVAL  |b CAVAL  |c CAVAL  |d CARM 1 Store  |e B08032  |f A1:AO05G0  |h Other scheme  |i book  |m 0356741